000 01114cam a2200313 i 4500
001 54950
003 Mx-PuUPA
005 20260227090755.0
008 140415s1983 mx gr 000 0 spa d
020 _a9684700563
040 _aMx-PuUPA
_bspa
_cMx-PuUPA
_dMx-PuUPA
_erda
041 0 _aspa
043 _an-mx---
100 1 _aBustamante, Carlos María de,
_d1774-1848
_916973
_eautor
245 1 0 _aResumen histórico de la Revolución de los Estados Unidos Mejicanos /
_cPablo de Mendíbil
250 _aEdición fascimilar
264 4 _aMéxico, D.F. :
_bMiguel Ángel Porrúa,
_c©1983
300 _a423 páginas ;
_c24 cm
336 _2rdacontent
_atexto
_btxt
337 _2rdamedia
_asin medio
_bn
338 _2rdacarrier
_avolumen
_bnc
490 0 _aColección Tlahuicole ;
_v8
651 4 _aMéxico
_xHistoria
_xGuerra de independencia
_y1810-1821
651 4 _aMéxico
_xHistoria
_ySiglo XIX
700 1 _iBasada en:
_aBustamante, Carlos María,
_dLondres : R. Ackermann, 1828
_tCuadro histórico
942 _2ddc
_cLI
_h972.03
_iM78
999 _c54950
_d54950